Homer Simpson or Peter Griffin? - Statistics

General Stats
  • This quiz has been taken 238 times
  • The average score is 11 of 16
Answer Stats
Question Answer % Correct
Who figured out that their lack of intelligence was the result of having a crayon lodged in their brain? Homer Simpson
94%
Who took on the role of Han Solo in a three part parody of the original Star Wars trilogy? Peter Griffin
91%
Who went on a quest with their friends to discover the origins of a joke so funny that it caused them to defecate their pants? Peter Griffin
91%
Who created a highly addictive hybrid of a tobacco plant and a tomato? Homer Simpson
83%
Who once had to substitute as the grim reaper upon being responsible for the grim reaper twisting his ankle? Peter Griffin
81%
Who was saved from a fall by Spider-Man because, "Everybody gets one." Peter Griffin
80%
Who got trapped in a cabin with their boss following an avalanche during a team building retreat in the mountains? Homer Simpson
77%
Who once assumed the identity of a masked vigilante superhero known as Pie Man? Homer Simpson
75%
Who went on a chili pepper induced hallucinogenic journey that culminated in talking to a mystical coyote voiced by Johnny Cash? Homer Simpson
74%
Who was asked to donate a kidney to their father but continually chickened out prior to surgery? Homer Simpson
72%
Who set up a fighting ring in their front yard and challenged passersby to fight their karate-trained wife? Peter Griffin
68%
Who was arrested by their wife during a brief policing career for parking in a fire lane at the convenience store? Homer Simpson
64%
Who got kicked out of a Willy-Wonka-esque tour of a brewery because they left the group and drank a beer that made them float to the ceiling of said brewery? Peter Griffin
60%
While temporarily blind, who carried their bartender from a burning building? Peter Griffin
48%
Whose mother was voiced by Phyllis Diller? Peter Griffin
43%
Who claims that they cannot say the word titmouse without giggling? Homer Simpson
28%
No matching quizzes found
Score Distribution
Percent of People with Each Score
Percentile by Number Answered
Your Score History
You have not taken this quiz